Responses for Show #8937 - Tuesday, September 26, 2023

2023 Second Chance competition week 3, semifinal game 2.

Contestants

[<< previous game]

Ollie Savage, a high school English and film studies teacher from Burbank, California

Michalle Gould, a librarian from Laguna Beach, California

David Kaye, a high school English teacher from Scottsdale, Arizona

[next game >>]

Jeopardy! Round responses

CAVES
ABOUT FACE TATTOO
WHO "AR" THEY?
THE HOME SPA
NEXT STOP, VENUS
SHATTERING ALLUSIONS
    $200 27
stalactites

Ollie
    $200 14
New Orleans

Michalle
    $200 10
Arafat

Ollie
    $200 21
the Dead Sea

Michalle
    $200 16
Russia

Ollie
    $200 5
Houdini

David
    $400 25
Shiva

Ollie
    $400 15
Post Malone

Michalle
    $400 8
(Ken: That's right, "One small step for a man".)

Armstrong

Ollie
    $400 22
a face mask

Ollie
    $400 20
(Ollie: What is... hydrogen?)
(Michalle: What is nitrogen?)

carbon dioxide

MichalleOllie
Triple Stumper
    $400 4
McCoys

Ollie
    $600 26
grotto

Michalle
    $600 11
The Game

Ollie
    $600 7
(Fatty) Arbuckle

Michalle
    $600 23
seaweed

Ollie
    $2,000 17
(Ollie: What is... Apollo?)

the Mariner (2)

Ollie
    $600 1
the riot act

David
    $800 28
Charles I

David
    $800 12
Blink-182

Ollie
    $800 6
(David: Who is Mary Kay?)

Elizabeth Arden

David
Triple Stumper
    $800 24
a French manicure (French tip)

David
    $800 18
the transit of Venus

Michalle
    $800 2
Li'l Abner

David
    $1000 29
(Ollie: What is Carlsbad Caverns?)

Mammoth Cave

Ollie
Triple Stumper
    $1000 13
The Neville Brothers

Michalle
    $1000 9
Arbus

Michalle
    $1000 30
(Ken: Fun to say.)

the jojoba

Triple Stumper
    $1000 19
zero

Ollie
    $1000 3
the epicenter

Ollie

Scores at the first commercial break (after clue 15):

David Michalle Ollie
$800 $3,200 $3,400

Scores at the end of the Jeopardy! Round:

David Michalle Ollie
$2,400 $4,400 $2,800

Double Jeopardy! Round responses

AMERICAN ISLANDS
IN THE CORPORATE ARENA
YOU COULD PUT AN EYE OUT
MEDICINE & HISTORY
TRANSLATE THE BRITISHISM
(Ken: You'll replace the British word in each clue with its U.S. equivalent.)
SAILING THE 3 Cs
(Ken: Each response has the letter "C" in it three times.)
    $400 27
Atlantic City

Michalle
    $400 13
Nationwide

Ollie
    $400 28
a sling blade

Michalle
    $400 20
hemophilia

Ollie
    $400 9
a baby carriage

Michalle
    $400 2
a coincidence

David
    $800 29
Molokai

Triple Stumper
    $800 15
Wells Fargo

Triple Stumper
    $1,000 24
(David: What's a shot put?)

a javelin

David
    $800 23
yellow fever

David
    $800 8
Garbage

Ollie
    $800 3
bachelor of science

David
    $2,000 25
Alcatraz

David
    $1200 6
FedEx

Ollie
    $1200 16
a sword

Ollie
    $1200 19
Yeltsin

Michalle
    $1200 1
(Michalle: What is fall off the turnip [*].)
(Ken: [*] is right.)

truck

Michalle
    $1200 4
(Ollie: BRITISHISMs for $1600.)
(Ken: You feel confident?)

cockroaches

Ollie
    $1600 26
Martha's Vineyard

Michalle
    $1600 12
Honda

Michalle
    $1600 17
a shank

Ollie
    $1600 21
(Ollie: What is a flea?)

lice

Ollie
Triple Stumper
    $1600 5
(Ken: Not queues but [*].)

lines

David
    $1600 10
acceptance

Ollie
    $2000 30
Guam

Michalle
    $2000 14
United

Ollie
    $2000 18
a punji stick

Triple Stumper
    $2000 22
Vesalius

Ollie
    $2000 7
a yard

Ollie
    $2000 11
to concoct

Triple Stumper

Scores at the end of the Double Jeopardy! Round:

David Michalle Ollie
$7,000 $13,200 $15,600

[wagering suggestions for these scores]

Final Jeopardy! Round responses

PUBLICATIONS
(Ken: [To David] Originally called [**].)
DavidWhat is the Guinness Book of World Records?
$5,802
MichalleWhat is the Guiness Book of World Records
$13,000
OllieWhat is the College Bowl
$12,000
The Guinness Book of World Records (The Guinness Book of Records)

Final scores:

David Michalle Ollie
$12,802 $26,200 $3,600
2nd place: $3,000 Finalist 3rd place: $2,000

Game dynamics:

Coryat scores:

David Michalle Ollie
$7,200 $13,200 $17,600
10 R
(including 1 DD),
2 W
(including 1 DD)
16 R,
1 W
23 R,
4 W
(including 1 DD)

Combined Coryat: $38,000

[game clues] [game scores] [suggest correction]

Game tape date: 2023-08-18
The J! Archive is created by fans, for fans. Scraping, republication, monetization, and malicious use prohibited; this site may use cookies and collect identifying information. See terms. The Jeopardy! game show and all elements thereof, including but not limited to copyright and trademark thereto, are the property of Jeopardy Productions, Inc. and are protected under law. This website is not affiliated with, sponsored by, or operated by Jeopardy Productions, Inc. Join the discussion at JBoard.tv.